Loading...
| Ancient History and Archaeology | 4 | 20.00 | 50% | 50% | 100% |
| Beliefs | 10 | 20.00 | 80% | 70% | 50% |
| British and Commonwealth History | 3 | 16.67 | 67% | 100% | 0% |
| Current Events | 3 | 20.00 | 67% | 100% | 33% |
| Fine Arts - Auditory | 7 | 17.14 | 29% | 71% | 71% |
| Fine Arts - Visual | 9 | 20.00 | 56% | 67% | 78% |
| Geography | 2 | 20.00 | 50% | 100% | 50% |
| History - American | 7 | 17.14 | 71% | 71% | 29% |
| History - European | 4 | 22.50 | 75% | 75% | 75% |
| History - World | 9 | 18.89 | 78% | 67% | 44% |
| Literature - American | 6 | 20.00 | 67% | 67% | 67% |
| Literature - British | 6 | 15.00 | 17% | 67% | 67% |
| Literature - European | 8 | 20.00 | 63% | 63% | 75% |
| Other Academic | 2 | 25.00 | 50% | 100% | 100% |
| Other Arts: Auditory | 2 | 20.00 | 50% | 100% | 50% |
| Other Arts: Visual | 2 | 15.00 | 100% | 50% | 0% |
| Other Science: Computer Science | 2 | 15.00 | 50% | 100% | 0% |
| Other Science: Earth Science | 1 | 10.00 | 0% | 100% | 0% |
| Other Science: Math | 2 | 15.00 | 0% | 100% | 50% |
| Philosophy | 7 | 17.14 | 43% | 71% | 57% |
| Science - Biology | 7 | 18.57 | 71% | 71% | 43% |
| Science - Chemistry | 6 | 13.33 | 33% | 17% | 83% |
| Science - Physics | 8 | 17.50 | 50% | 50% | 75% |
| Social Science | 7 | 24.29 | 43% | 100% | 100% |
| World and Other Literature | 7 | 21.43 | 71% | 43% | 100% |